000 00231nam a22000857a 4500
008 160928b xxu||||| |||| 00| 0 eng d
100 _9784
_aRidout.C.S
245 _aThe Path to English-6
260 _aNew Delhi
_bS. Chand Publications
_c2011
999 _c3438
_d3438